000 00737nam a2200241Ia 4500
003 OSt
005 20220927105022.0
006 a|||||r|||| 00| 0
007 ta
008 220926b |||||||| |||| 00| 0 eng d
024 _a184758
037 _cReference Collections
040 _aRTL
_cRTL
_beng
041 _2eng
_aeng
082 _a"X9(D525).231.N62<N53r, K2"
110 _aGREAT EASTERN SHIPPING CO. LTD
_9369470
245 0 _a"Annual report,1953-62."
260 _aBombay
_bGreat Eastern Shipping Co. Ltd
_c1962
300 _a18p.
_ccm.
700 _aGREAT EASTERN SHIPPING CO. LTD
_9369471
942 _h"X9(D525).231.N62<N53r, K2"
_cCC
999 _c690244
_d690244